| 000 | 01122cam a2200193 4500 | ||
|---|---|---|---|
| 001 | WB3929-02 | ||
| 008 | 030731n2003 000 0 eng u | ||
| 035 | _a(Sirsi) u123152 | ||
| 245 | _aPart E of the Building Regulations | ||
| 260 | _c2003 | ||
| 490 |
_aRICS Building Control Forum News _v29 July 2003, (1) |
||
| 520 | _aODPM has issued a circular letter which draws attention to UKAS accredited organisations and to the registration scheme of the Association of Noise Consultants concerning sound insulation testing. The revised part E applies to all relevant types of building from 1 July 2003. The various provisions governing the implementation are explained in ODPM Circular 03/2002: http://www.odpm.gov.uk/stellent/groups/odpm_buildreg/documents/page/odpm_breg_600294.pdf For the Building Control News: http://www.rics.org/ricscms/bin/show?class=News&template=/includes/shownews.html&id=6596 | ||
| 590 | _aWB | ||
| 650 | _aBUILDING REGULATIONS 2000 APPROVED DOCUMENT E (2003 EDITION) | ||
| 650 | _aSOUND INSULATION | ||
| 650 | _aCONVERSION | ||
| 690 | _aBUILT ENVIRONMENT-BUILDING STANDARDS | ||
| 942 | _n0 | ||
| 999 |
_c73135 _d73135 |
||